[Event "NZL-ch Major op"]
[Site "Auckland"]
[Date "2011.01.03"]
[Round "2"]
[White "McNally, Ian"]
[Black "Rudkins, Linton"]
[Result "1-0"]
[WhiteElo "1934"]
[BlackElo "1141"]
[PlyCount "67"]
[EventDate "2011.01.02"]
[EventType "swiss"]
[EventRounds "11"]
[EventCountry "NZL"]
[SourceTitle "EXT 2018"]
[Source "ChessBase"]
[SourceDate "2017.10.13"]
[SourceVersion "1"]
[SourceVersionDate "2017.10.13"]
[SourceQuality "1"]

1. e4 c6 2. d4 d5 3. Nc3 dxe4 4. Nxe4 Bf5 5. Ng3 Bg6 6. h4 h6 7. Nf3 Nd7 8. h5 Bh7 9. Bd3 Bxd3 10. Qxd3 Ngf6 11. Bd2 e6 12. 0-0-0 Qc7 13. Kb1 Bd6 14. Ne4 Nxe4 15. Qxe4 Nf6 16. Qe2 0-0-0 17. g3 Rhe8 18. Ne5 Bxe5 19. dxe5 Nd7 20. f4 Nb6 21. g4 Rd7 22. Bb4 Nd5 23. Bd6 Rxd6 24. exd6 Qxd6 25. Qe5 Qxe5 26. fxe5 Rd8 27. Kc1 Ne3 28. Rxd8+ Kxd8 29. Rg1 Kc7 30. b3 b5 31. g5 hxg5 32. Rxg5 Nf5 33. Rxg7 Nh6 34. Rh7 1-0